00783cam a2200205Ii 450000500170000000800410001702000180005803500210007604000500009704100080014724501010015526000550025630000340031150400530034565000220039865000260042065000440044665000520049070000350054220170112094850.0161213s2015 enkd rb 001 0 eng d a9780199981755 a(OCoLC)903931068 aCO-BoUCMbspacSandra PalaciodSandra Palacio0 aeng04aThe Oxford handbook of the political economy of international trade ceditado por Lisa L. Martin aOxford (Inglaterra)bOxford University Pressc2015 axi, 558 páginasbgráficos aIncluye referencias bibliográficas e índices17aComercio exterior27aPolítica comercial 27aComercioxImportaciones y exportaciones27aCiencia política xRelaciones internacionales1 aMartin, Lisa L.d1961-eeditor